Normal view MARC view
  • Spiritual healing

Entry Topical Term

Number of records used in: 2

001 - CONTROL NUMBER

  • control field: 1850

003 - CONTROL NUMBER IDENTIFIER

  • control field: OSt

005 - DATE AND TIME OF LATEST TRANSACTION

  • control field: 20170505151035.0

008 - FIXED-LENGTH DATA ELEMENTS

  • fixed length control field: 170505|| aca||aabn | a|a d

040 ## - CATALOGING SOURCE

  • Original cataloging agency: OSt
  • Transcribing agency: OSt

150 ## - HEADING--TOPICAL TERM

  • Topical term or geographic name entry element: Spiritual healing

670 ## - SOURCE DATA FOUND

  • Source citation: Work cat.: (OSt)0: Amran Kasimin, 1945- 1847, Rawatan gangguan makhluk halus menurut Al-Quran dan As-Sunnah /, 1987 ©1989
Pusat Sumber Maklumat Dato' Haji Sarmin Md Hussin, Akademi Kastam Diraja Malaysia, Melaka
Tel: 06-2331106 | Faks: 06-2313787